London Underground Stations outside the M25. - Statistics

General Stats
  • This quiz has been taken 478 times
    458 since last reset
  • The average score is 4 of 5
Answer Stats
Hint Answer % Correct
Metropolitan Amersham
98%
Metropolitan Chesham
92%
Central Epping
90%
Metropolitan Chalfont and Latimer
82%
Metropolitan Chorleywood
70%
No matching quizzes found
Score Distribution
Percent of People with Each Score
Percentile by Number Answered
Your Score History
You have not taken this quiz since the last reset